[Event "5th Asia-ch"]
[Site "Hyderabad IND"]
[Date "2005.10.14"]
[Round "8"]
[White "Simonenko, Sergei"]
[Black "Visweswaran, Kameswaran"]
[Result "1-0"]
[WhiteElo "2409"]
[BlackElo "2289"]
[EventDate "2005.10.05"]
[PlyCount "97"]

1.d4 d5 2.c4 e6 3.Nf3 c6 4.Qc2 Nf6 5.g3 Be7 6.Bg2 O-O 7.O-O b5 8.b3 a5 9.
Nbd2 Ba6 10.Rd1 Nbd7 11.e4 bxc4 12.e5 cxb3 13.axb3 Ne8 14.Qxc6 Nb6 15.Qc2 
Bb4 16.Ba3 Rc8 17.Qa2 Be2 18.Rac1 Rc3 19.Rxc3 Bxc3 20.Rc1 Bb4 21.Bxb4 axb4
22.Qa5 Qb8 23.Qxb4 Nc7 24.Rc6 Nb5 25.Bf1 Bxf1 26.Kxf1 Nd7 27.Kg2 Qb7 28.
Rc1 h6 29.Ne1 Qb6 30.Ndf3 Rb8 31.Nd3 g5 32.h3 Qa7 33.Qe7 Nf8 34.Qxa7 Nxa7 
35.Nc5 Rb4 36.Ra1 Nc6 37.Ra4 Rb5 38.Ra8 Kg7 39.Rc8 Na5 40.Nd2 Rb4 41.Ra8 
Nc6 42.Nf3 Rb5 43.Rc8 Na5 44.Rc7 Nxb3 45.Nb7 Kg6 46.Nd6 Rb8 47.Nxf7 Kf5 
48.Nxh6+ Ke4 49.Rc3 1-0

[Event "5th Asia-ch"]
[Site "Hyderabad IND"]
[Date "2005.10.14"]
[Round "8"]
[White "Pg Mohd Omar, Ak Hirawan"]
[Black "Rohit, Goginenni"]
[Result "1/2-1/2"]
[WhiteElo "2299"]
[BlackElo "2401"]
[EventDate "2005.10.05"]
[PlyCount "154"]

1.e4 c5 2.Nf3 e6 3.d4 cxd4 4.Nxd4 a6 5.c4 Nf6 6.Nc3 Bb4 7.Qc2 Qc7 8.a3 
Bxc3+ 9.Qxc3 O-O 10.Bd3 d6 11.O-O Nbd7 12.Re1 b6 13.Bg5 Bb7 14.Rac1 Rac8 
15.Qd2 Rfe8 16.Bh4 Qb8 17.Bb1 h6 18.Rc3 Qa8 19.f3 Rc7 20.Nc2 Rec8 21.Qxd6 
Rc6 22.Qd2 Rxc4 23.Rxc4 Rxc4 24.Ne3 Rc8 25.Ng4 Nxg4 26.Qxd7 Ne5 27.Qd4 Ng6
28.Bg3 b5 29.Rd1 Re8 30.Be1 Qc8 31.Bc3 e5 32.Qd7 Bc6 33.Qxc8 Rxc8 34.Ba2 
Kf8 35.Kf2 Ke8 36.Ke3 Rc7 37.Rd6 Ke7 38.Bb4 Ke8 39.Ba5 Rc8 40.g3 Nf8 41.f4
exf4+ 42.gxf4 Nd7 43.Bc3 Ke7 44.Bb4 Ke8 45.Bc3 Ke7 46.Rd1 g6 47.Ba5 Nb8 
48.Bb4+ Ke8 49.f5 gxf5 50.exf5 Bd7 51.Rg1 Bxf5 52.Rg8+ Kd7 53.Rxc8 Kxc8 
54.Bxf7 Nc6 55.Kf4 Bd7 56.Bf8 Nd8 57.Bd5 Ne6+ 58.Bxe6 Bxe6 59.Ke5 Bh3 60.
Bxh6 b4 61.axb4 Kd7 62.Kf6 Kc8 63.Bg7 Kd7 64.Bf8 Kc6 65.Bc5 Kd5 66.Bb6 Ke4
67.Bc7 Kf3 68.Kg5 Ke4 69.Bg3 Kf3 70.Bb8 Ke4 71.Kh4 Bd7 72.Kg5 Bh3 73.Bf4 
Kf3 74.Kh4 Bd7 75.Bc1 Ke4 76.Bd2 Kf3 77.Be1 Ke4 1/2-1/2

[Event "5th Asia-ch"]
[Site "Hyderabad IND"]
[Date "2005.10.14"]
[Round "8"]
[White "Saravanan, Venkat"]
[Black "Sengupta, Deep"]
[Result "0-1"]
[WhiteElo "2347"]
[BlackElo "2400"]
[EventDate "2005.10.05"]
[PlyCount "60"]

1.e4 c5 2.Nf3 Nc6 3.d4 cxd4 4.Nxd4 Qb6 5.Nb3 Nf6 6.Nc3 e6 7.Bd3 Bb4 8.O-O 
a6 9.Be3 Qc7 10.f4 Na5 11.e5 Bxc3 12.bxc3 Nd5 13.Bd4 Nxc3 14.Qg4 g6 15.f5 
exf5 16.Bxf5 Nxb3 17.axb3 gxf5 18.Qg7 Rf8 19.Kh1 Ne4 20.Rxf5 Qc6 21.Rf6 
Nxf6 22.exf6 Qe6 23.Qg3 d6 24.Re1 Qxe1+ 25.Qxe1+ Be6 26.Qa5 Kd7 27.h3 Rac8
28.Qb4 Bd5 29.Qd2 Rg8 30.Be5 Rc5 0-1

[Event "5th Asia-ch"]
[Site "Hyderabad IND"]
[Date "2005.10.14"]
[Round "8"]
[White "Lim Yee Weng"]
[Black "Ramu, K."]
[Result "1-0"]
[WhiteElo "2348"]
[BlackElo "2259"]
[EventDate "2005.10.05"]
[PlyCount "55"]

1.e4 e5 2.Bc4 Nc6 3.d3 Bc5 4.Nc3 Nf6 5.f4 d6 6.Nf3 a6 7.Nd5 Bg4 8.c3 Ba7 
9.h3 Bxf3 10.Qxf3 O-O 11.f5 h6 12.Nxf6+ Qxf6 13.h4 Ne7 14.g4 d5 15.g5 Qd6 
16.exd5 e4 17.dxe4 Rfe8 18.Bf4 Qc5 19.Be2 Nxd5 20.exd5 Qb6 21.Kf1 Qxb2 22.
Rd1 Qc2 23.gxh6 Re4 24.Qg3 Rxf4+ 25.Qxf4 gxh6 26.Rh3 Kh7 27.Bd3 Qd2 28.
Qxd2 1-0

[Event "5th Asia-ch"]
[Site "Hyderabad IND"]
[Date "2005.10.15"]
[Round "9"]
[White "Annageldiev, Orazly"]
[Black "Konguvel, Ponnuswamy"]
[Result "1-0"]
[WhiteElo "2469"]
[BlackElo "2390"]
[EventDate "2005.10.05"]
[PlyCount "187"]

1.d4 Nf6 2.Nf3 g6 3.Bg5 Bg7 4.Nbd2 O-O 5.c3 d5 6.e3 Nbd7 7.Be2 Re8 8.O-O 
e5 9.b4 c6 10.h3 h6 11.Bh4 e4 12.Nh2 Nb6 13.a4 Be6 14.a5 Nc8 15.Ng4 g5 16.
Nxf6+ Bxf6 17.Bg3 Ne7 18.b5 Nf5 19.Bh2 c5 20.dxc5 Bxc3 21.a6 b6 22.Rc1 
Bxd2 23.Qxd2 bxc5 24.Rxc5 d4 25.exd4 Qxd4 26.Qxd4 Nxd4 27.Re1 Rac8 28.Bc7 
Bd7 29.b6 axb6 30.Bxb6 Rb8 31.Rxg5+ hxg5 32.Bxd4 Rb4 33.Be3 Bb5 34.a7 Bxe2
35.Rxe2 Ra8 36.Ra2 f6 37.Ra6 Kf7 38.Kh2 Kg6 39.Kg3 Kf5 40.Ra5+ Kg6 41.Kg4 
Rb7 42.Ra6 Rd7 43.Kg3 Kf5 44.Ra5+ Ke6 45.Kg4 Rh7 46.Bd4 Rh4+ 47.Kg3 Rh7 
48.Ra6+ Kd5 49.Bxf6 Raxa7 50.Rxa7 Rxa7 51.Bxg5 Ke5 52.Be3 Rg7+ 53.Kh2 Rf7 
54.h4 Kf5 55.Kh3 Kg6 56.Kg4 Rf5 57.g3 Rf3 58.h5+ Kh7 59.Kg5 Kg7 60.g4 Rh3 
61.Kf5 Rh4 62.Bf4 Kh7 63.Bg3 Rh1 64.Kxe4 Ra1 65.g5 Rh1 66.h6 Kg6 67.f4 Ra1
68.Bf2 Ra4+ 69.Bd4 Ra5 70.Bc3 Ra4+ 71.Ke5 Ra7 72.Ke6 Ra6+ 73.Kd5 Ra4 74.
Be5 Ra7 75.Ke6 Ra6+ 76.Bd6 Ra7 77.Bc5 Ra6+ 78.Ke7 Ra5 79.Bd4 Rf5 80.Be3 
Ra5 81.h7 Kxh7 82.Kf6 Ra6+ 83.Kf7 Rc6 84.f5 Rc7+ 85.Ke6 Rc6+ 86.Ke7 Rc4 
87.Kd6 Rg4 88.Ke5 Rg2 89.Kf6 Ra2 90.Kf7 Kh8 91.Bd4+ Kh7 92.g6+ Kh6 93.Be3+
Kh5 94.g7 1-0

[Event "5th Asia-ch"]
[Site "Hyderabad IND"]
[Date "2005.10.15"]
[Round "9"]
[White "Sadvakasov, Darmen"]
[Black "Wu Wenjin"]
[Result "1-0"]
[WhiteElo "2612"]
[BlackElo "2523"]
[EventDate "2005.10.05"]
[PlyCount "45"]

1.e4 e6 2.d4 d5 3.Nc3 dxe4 4.Nxe4 Nd7 5.Nf3 Ngf6 6.Bg5 h6 7.Nxf6+ Nxf6 8.
Be3 a6 9.Bd3 b6 10.Qe2 Bb7 11.O-O-O Be7 12.Kb1 Nd5 13.Bd2 Nb4 14.Bxb4 Bxb4
15.Ne5 O-O 16.f4 Bd6 17.Rhg1 Bxe5 18.dxe5 Qe7 19.g4 Qh4 20.g5 h5 21.Qe3 g6
22.Rg3 Rad8 23.Rdg1 1-0

[Event "5th Asia-ch"]
[Site "Hyderabad IND"]
[Date "2005.10.15"]
[Round "9"]
[White "Ghaem Maghami, Ehsan"]
[Black "Al-Modiahki, Mohamad"]
[Result "1/2-1/2"]
[WhiteElo "2586"]
[BlackElo "2568"]
[EventDate "2005.10.05"]
[PlyCount "101"]

1.c4 e5 2.Nc3 Nc6 3.e3 Nf6 4.d3 d5 5.cxd5 Nxd5 6.Nf3 Be7 7.Be2 O-O 8.O-O 
Be6 9.a3 a5 10.e4 Nb6 11.Be3 Bf6 12.Rc1 Qd7 13.Nb5 a4 14.d4 Bb3 15.Qd2 
exd4 16.Nbxd4 Nxd4 17.Nxd4 Rfd8 18.Nxb3 axb3 19.Qb4 Bxb2 20.Rb1 Bxa3 21.
Qxb3 Bd6 22.Bxb6 cxb6 23.Qxb6 Rab8 24.Bc4 Qe7 25.Bd5 Kh8 26.g3 Bc5 27.Qb3 
b6 28.Kg2 Rd6 29.Rb2 Rbd8 30.Qf3 Rf6 31.Qb3 Rh6 32.h4 Rhd6 33.Qf3 Qe5 34.
Re2 f5 35.Ba2 Rd2 36.Rxd2 Rxd2 37.Bb1 fxe4 38.Qxe4 Qxe4+ 39.Bxe4 b5 40.h5 
b4 41.Kh3 Bxf2 42.Rc1 Rd8 43.Rc7 Rb8 44.Bd5 Be3 45.Kg4 Rd8 46.Be6 Bh6 47.
Rc8 Rxc8 48.Bxc8 Kg8 49.Be6+ Kf8 50.Bf5 Kg8 51.Be6+ 1/2-1/2

[Event "5th Asia-ch"]
[Site "Hyderabad IND"]
[Date "2005.10.15"]
[Round "9"]
[White "Kunte, Abhijit"]
[Black "Himanshu, Sharma"]
[Result "1-0"]
[WhiteElo "2553"]
[BlackElo "2391"]
[EventDate "2005.10.05"]
[PlyCount "131"]

1.d4 d5 2.c4 e6 3.Nc3 Nf6 4.Nf3 Nbd7 5.e3 a6 6.c5 c6 7.a3 Qc7 8.b4 e5 9.
dxe5 Nxe5 10.Bb2 Nxf3+ 11.gxf3 Bf5 12.Ne2 Be7 13.Ng3 Be6 14.Bd3 Bd8 15.f4 
Qe7 16.Nh5 Qf8 17.Ng3 Bc7 18.Bd4 Qe7 19.Qe2 h5 20.h4 Bd7 21.f3 Rg8 22.Kf2 
g6 23.Qb2 Nh7 24.Nxh5 f5 25.Nf6+ Nxf6 26.Bxf6 Qf7 27.Rag1 Rf8 28.Bd4 O-O-O
29.a4 Rg8 30.b5 cxb5 31.axb5 Bxb5 32.Bxb5 axb5 33.Qxb5 Qd7 34.Qxd7+ Kxd7 
35.h5 gxh5 36.Rxg8 Rxg8 37.Rxh5 Rf8 38.Rh7+ Kc6 39.Rh6+ Kb5 40.Ke2 Kc4 41.
Rh1 Ra8 42.Rc1+ Kb5 43.Kf2 Bd8 44.Rb1+ Kc6 45.Rh1 Be7 46.Rh6+ Kd7 47.Rb6 
Kc7 48.Re6 Bh4+ 49.Kg2 Rg8+ 50.Kh2 Bg3+ 51.Kh3 Be1 52.Re5 Kc6 53.Re6+ Kc7 
54.Rd6 Rd8 55.Rf6 Rh8+ 56.Kg2 Rh7 57.Be5+ Kd7 58.Rd6+ Ke7 59.Rxd5 Bb4 60.
Bd4 Rf7 61.Kf2 Ke8 62.Ke2 Ke7 63.Kd3 Be1 64.Rd6 b5 65.Rb6 b4 66.Ke2 1-0

[Event "5th Asia-ch"]
[Site "Hyderabad IND"]
[Date "2005.10.15"]
[Round "9"]
[White "Zhao Jun"]
[Black "Nguyen Anh Dung"]
[Result "1-0"]
[WhiteElo "2500"]
[BlackElo "2551"]
[EventDate "2005.10.05"]
[PlyCount "73"]

1.d4 Nf6 2.c4 e6 3.Nc3 Bb4 4.Qc2 d5 5.cxd5 exd5 6.Bg5 h6 7.Bxf6 Qxf6 8.e3 
O-O 9.a3 Bf5 10.Bd3 Bxc3+ 11.bxc3 Qg6 12.Bxf5 Qxg2 13.f3 Qxh1 14.O-O-O g6 
15.Bh3 Nc6 16.Qf2 Na5 17.Rf1 Nc4 18.Ne2 Qxf1+ 19.Bxf1 Rae8 20.e4 dxe4 21.
fxe4 Rxe4 22.Ng3 Re3 23.Kc2 Nxa3+ 24.Kb2 Rfe8 25.Qd2 h5 26.Kxa3 h4 27.Bb5 
c6 28.Nf1 Rf3 29.Bd3 a5 30.Ka4 b6 31.c4 Rd8 32.Be2 Rf6 33.Ne3 Rf4 34.Nd5 
Rf2 35.Qd3 Rxh2 36.Ne7+ Kf8 37.Nxg6+ 1-0

[Event "5th Asia-ch"]
[Site "Hyderabad IND"]
[Date "2005.10.15"]
[Round "9"]
[White "Wang Rui"]
[Black "Koneru, Humpy"]
[Result "1/2-1/2"]
[WhiteElo "2474"]
[BlackElo "2540"]
[EventDate "2005.10.05"]
[PlyCount "298"]

1.d4 e6 2.c4 c5 3.e3 Nf6 4.Nc3 d5 5.Nf3 Nc6 6.a3 cxd4 7.exd4 Be7 8.Bd3 
dxc4 9.Bxc4 O-O 10.O-O b6 11.Re1 Bb7 12.Ba2 Qd6 13.Be3 Rad8 14.Qe2 Qb8 15.
Rad1 Ng4 16.d5 exd5 17.Nxd5 Bd6 18.h3 Nxe3 19.Qxe3 Rde8 20.Qg5 Rxe1+ 21.
Rxe1 Qd8 22.Qf5 Bc8 23.Qc2 Bd7 24.Bb1 f5 25.Qd2 Bb8 26.Nf4 h6 27.Qd5+ Kh7 
28.Ne6 Bxe6 29.Qxe6 Qf6 30.Bxf5+ Qxf5 31.Qxc6 Rc8 32.Nd4 Rxc6 33.Nxf5 Bf4 
34.Kf1 Bg5 35.g4 Bf6 36.b3 g6 37.Ng3 Kg7 38.a4 Kf7 39.Re3 Rc2 40.Ne4 Be7 
41.Kg2 a6 42.Kg3 Bb4 43.Rf3+ Ke6 44.h4 Ke5 45.Re3 Kd4 46.Kf3 Be7 47.h5 
gxh5 48.gxh5 Bh4 49.Re1 Rb2 50.Rd1+ Ke5 51.Rd3 b5 52.axb5 axb5 53.Ke3 b4 
54.f4+ Kf5 55.Kf3 Be7 56.Nd2 Bf6 57.Nc4 Rb1 58.Ne3+ Ke6 59.Nd5 Be7 60.Ke4 
Bc5 61.f5+ Kf7 62.Nf4 Kf6 63.Nd5+ Kf7 64.Nc7 Re1+ 65.Kd5 Be7 66.Kc6 Rc1+ 
67.Kb6 Bg5 68.Nd5 Rf1 69.Nxb4 Rxf5 70.Nc6 Bh4 71.Rd7+ Kf6 72.b4 Rxh5 73.b5
Bf2+ 74.Ka6 Rh1 75.b6 Ra1+ 76.Na5 Bxb6 77.Kxb6 h5 78.Nc4 h4 79.Rh7 Rh1 80.
Ne3 Kg6 81.Rh8 Kg7 82.Rh5 Kg6 83.Rf5 h3 84.Rf2 Kg5 85.Kc5 Kh4 86.Nf1 Rg1 
87.Kd4 Rg2 88.Rf8 Re2 89.Kd3 Re6 90.Rf4+ Kg5 91.Rf2 Kg4 92.Rf8 Kh4 93.Rg8 
Re5 94.Nh2 Kh5 95.Rg3 Kh4 96.Rg8 Kh5 97.Rh8+ Kg6 98.Rxh3 Rh5 99.Rg3+ Kf5 
100.Rf3+ Ke6 101.Ng4 Ra5 102.Rf6+ Ke7 103.Rb6 Rd5+ 104.Ke4 Rd6 105.Rb1 Ra6
106.Ne5 Ra4+ 107.Kf5 Kd6 108.Rd1+ Kc5 109.Nf3 Ra8 110.Ke4 Re8+ 111.Ne5 Rh8
112.Rc1+ Kb4 113.Nf3 Rg8 114.Ne5 Rh8 115.Nd3+ Kb5 116.Rc5+ Kb6 117.Rg5 Ra8
118.Kd4 Ra4+ 119.Kc3 Rh4 120.Nb4 Rh3+ 121.Kc4 Rh4+ 122.Kb3 Rh3+ 123.Ka4 
Rh4 124.Rd5 Rg4 125.Kb3 Rg3+ 126.Nd3 Kc6 127.Rd4 Kb5 128.Kc3 Rh3 129.Rg4 
Rh8 130.Rg5+ Kc6 131.Ne5+ Kb6 132.Kd4 Rh4+ 133.Kd5 Rh1 134.Nf3 Kb5 135.
Nd4+ Kb4 136.Nc6+ Kb5 137.Rf5 Rh6 138.Nd4+ Kb4 139.Ne6 Rh1 140.Rf4+ Kc3 
141.Rc4+ Kd3 142.Nf4+ Ke3 143.Ke5 Kf3 144.Rc3+ Kg4 145.Ne2 Rh5+ 146.Ke4 
Kg5 147.Rc5+ Kh6 148.Rc1 Kg7 149.Nd4 Rh4+ 1/2-1/2

[Event "5th Asia-ch"]
[Site "Hyderabad IND"]
[Date "2005.10.15"]
[Round "9"]
[White "Megaranto, Susanto"]
[Black "Kidambi, Sundararajan"]
[Result "1-0"]
[WhiteElo "2530"]
[BlackElo "2497"]
[EventDate "2005.10.05"]
[PlyCount "139"]

1.e4 e5 2.Nf3 Nc6 3.Bb5 Nf6 4.O-O Nxe4 5.d4 Nd6 6.Bxc6 dxc6 7.dxe5 Nf5 8.
Qxd8+ Kxd8 9.Nc3 Ne7 10.Rd1+ Ke8 11.Nd4 Ng6 12.f4 Bg4 13.Rd3 Bc5 14.Be3 
Rd8 15.Rf1 Bxd4 16.Rxd4 Rxd4 17.Bxd4 Bf5 18.Rf2 b6 19.Nd1 h5 20.Ne3 Ne7 
21.c4 Rh6 22.Bc3 Kd7 23.Rd2+ Kc8 24.Nxf5 Nxf5 25.Kf2 Rg6 26.g3 h4 27.Rd3 
c5 28.a4 a5 29.Kg2 hxg3 30.hxg3 Ne7 31.b3 Nf5 32.Kh3 Nh6 33.Be1 Nf5 34.Bf2
Nh6 35.Rd1 Ng4 36.Kg2 f5 37.exf6 gxf6 38.Kf3 f5 39.Rd5 Rf6 40.Rxf5 Rxf5 
41.Kxg4 Rf8 42.f5 Kd7 43.Be3 Ke7 44.Bf4 c6 45.Bc7 Kf7 46.Kf4 Rc8 47.Be5 
Rd8 48.g4 Rd1 49.g5 Rf1+ 50.Kg4 Rg1+ 51.Kf4 Rf1+ 52.Kg4 Rg1+ 53.Bg3 Rf1 
54.g6+ Kf6 55.Bh4+ Kg7 56.Bd8 Rg1+ 57.Kf4 Rd1 58.Bc7 Rf1+ 59.Ke5 Re1+ 60.
Kd6 Kf6 61.Bxb6 Kxf5 62.Bxa5 Re6+ 63.Kxc5 Rxg6 64.Bc7 Rg1 65.b4 Ke6 66.
Kxc6 Rg4 67.c5 Rxb4 68.a5 Ra4 69.Bb6 Ra1 70.Kb7 1-0

[Event "5th Asia-ch"]
[Site "Hyderabad IND"]
[Date "2005.10.15"]
[Round "9"]
[White "Yu Shaoteng"]
[Black "Al-Rakib, Abdullah"]
[Result "1/2-1/2"]
[WhiteElo "2516"]
[BlackElo "2466"]
[EventDate "2005.10.05"]
[PlyCount "72"]

1.e4 e5 2.Nf3 Nc6 3.Bb5 a6 4.Ba4 Nf6 5.O-O Be7 6.Re1 b5 7.Bb3 d6 8.c3 O-O 
9.h3 Na5 10.Bc2 c5 11.d4 Qc7 12.Nbd2 cxd4 13.cxd4 Nc6 14.a3 Bd7 15.Nb3 
Rac8 16.Bd2 a5 17.d5 Nb8 18.Rc1 a4 19.Bb1 Qa7 20.Rxc8 Rxc8 21.Nc1 Bd8 22.
Na2 Bb6 23.Qe2 Na6 24.Bc3 Nh5 25.Qd2 Nf4 26.Rf1 Bxh3 27.gxh3 Qd7 28.Nxe5 
dxe5 29.Bxe5 Nxh3+ 30.Kg2 Qg4+ 31.Bg3 Ng5 32.Qf4 Qh3+ 33.Kg1 Qh5 34.Kg2 
Qh3+ 35.Kg1 Qh5 36.Kg2 Qh3+ 1/2-1/2

[Event "5th Asia-ch"]
[Site "Hyderabad IND"]
[Date "2005.10.15"]
[Round "9"]
[White "Rahman, Ziaur"]
[Black "Annaberdiev, Meilis"]
[Result "0-1"]
[WhiteElo "2570"]
[BlackElo "2421"]
[EventDate "2005.10.05"]
[PlyCount "91"]

1.Nf3 d5 2.d4 Nf6 3.c4 c6 4.e3 Bf5 5.Nc3 e6 6.Nh4 Bg6 7.Qb3 Qc7 8.Nxg6 
hxg6 9.h3 Nbd7 10.Bd2 Rd8 11.Be2 Bd6 12.c5 Be7 13.Qc2 e5 14.b4 O-O 15.O-O 
Rfe8 16.Rab1 exd4 17.exd4 Nf8 18.Be3 Ne6 19.Rfd1 Nd7 20.Bf1 g5 21.f3 Nf6 
22.Bf2 Nh5 23.b5 Bf6 24.b6 axb6 25.Rxb6 Ng3 26.Ne2 Nxf1 27.Kxf1 Ra8 28.a4 
Ra7 29.g3 Rea8 30.Rb4 g6 31.Kg2 Kg7 32.Rdb1 Re8 33.R1b2 Kg8 34.Qb1 Re7 35.
Nc1 Ng7 36.Re2 Nf5 37.Rxe7 Qxe7 38.Qd3 Qd7 39.Ne2 Ra8 40.g4 Ng7 41.Qb3 Ra7
42.Bg3 Qc8 43.Qe3 Ne6 44.Be5 Bxe5 45.Qxe5 Qa8 46.Nc3 0-1

[Event "5th Asia-ch"]
[Site "Hyderabad IND"]
[Date "2005.10.15"]
[Round "9"]
[White "Poobesh Anand, Selvaraj"]
[Black "Neelotpal, Das"]
[Result "0-1"]
[WhiteElo "2397"]
[BlackElo "2509"]
[EventDate "2005.10.05"]
[PlyCount "109"]

1.d4 Nf6 2.c4 e6 3.Nc3 Bb4 4.e3 O-O 5.Ne2 d5 6.a3 Bd6 7.cxd5 exd5 8.Ng3 
Re8 9.Bd3 c6 10.O-O Bc7 11.f3 h5 12.Nce2 g6 13.Bd2 a5 14.Qc2 h4 15.Nh1 Qd6
16.g3 Na6 17.Rf2 c5 18.Bxa6 Qxa6 19.dxc5 Bf5 20.Qd1 Nd7 21.Bc3 Ne5 22.Nf4 
Nd3 23.Nxd3 Bxd3 24.Qd2 Be5 25.Rd1 Bc4 26.gxh4 Qf6 27.Ng3 Bxc3 28.bxc3 
Qxh4 29.Qd4 Qxd4 30.exd4 Re3 31.Rc1 Rae8 32.Nf1 Re1 33.Rxe1 Rxe1 34.Kg2 a4
35.Nd2 Bd3 36.Nf1 Ba6 37.f4 Bd3 38.Ng3 Ra1 39.Rb2 Rxa3 40.Rxb7 Rxc3 41.Ra7
a3 42.Kf2 Bc4 43.Ke1 Kf8 44.Kd2 Rd3+ 45.Kc2 Rxd4 46.c6 Bb5 47.c7 Rc4+ 48.
Kb3 Bd7 49.Ne2 a2 50.Nc3 Rxc7 51.Rxa2 Be6 52.Ra8+ Kg7 53.Ne2 d4+ 54.Kb2 
Rd7 55.Ra4 0-1

[Event "5th Asia-ch"]
[Site "Hyderabad IND"]
[Date "2005.10.15"]
[Round "9"]
[White "Dzhumaev, Marat"]
[Black "Roktim, Bandyopadhyay"]
[Result "1/2-1/2"]
[WhiteElo "2507"]
[BlackElo "2380"]
[EventDate "2005.10.05"]
[PlyCount "198"]

1.e4 e5 2.Nf3 Nc6 3.Bb5 Nf6 4.O-O Nxe4 5.d4 Nd6 6.Ba4 e4 7.Nfd2 Nxd4 8.c4 
Ne6 9.Nc3 Be7 10.Ndxe4 Nxe4 11.Nxe4 O-O 12.Bc2 d6 13.Re1 Bd7 14.a4 Bc6 15.
Ra3 d5 16.Nf6+ Bxf6 17.Bxh7+ Kxh7 18.Qh5+ Kg8 19.Rh3 Bh4 20.Rxh4 f6 21.
Rxe6 Re8 22.Qh7+ Kf7 23.Rxe8 Qxe8 24.Be3 d4 25.Rxd4 Rd8 26.Qh5+ Kg8 27.
Qxe8+ Rxe8 28.b3 Kf7 29.Rd3 Be4 30.Rd2 a6 31.Kf1 Bf5 32.Bf4 Re7 33.f3 Rd7 
34.Rxd7+ Bxd7 35.Ke2 Bf5 36.Kd2 c6 37.a5 Ke6 38.Be3 Bb1 39.Kc3 g6 40.Kd4 
Bc2 41.b4 Bd1 42.Kd3 Kf7 43.Bd4 Ke6 44.Bc3 Kf7 45.h4 Ke6 46.Bb2 Kf7 47.Ke3
Ke6 48.Bc3 Bb3 49.Kd4 Bd1 50.Kd3 Kf7 51.Ke4 Be2 52.c5 Ke6 53.g4 Bd1 54.Ke3
Kf7 55.Kf2 Ke6 56.Kg3 Kf7 57.f4 f5 58.h5 gxh5 59.gxf5 Bc2 60.f6 Bf5 61.Kh4
Kg6 62.Be5 Bd3 63.Bd4 Be4 64.Kg3 Bd3 65.Kf3 Kf7 66.Bc3 Bb5 67.Be1 Kxf6 68.
Ke4 Ke6 69.f5+ Kf7 70.Bh4 Ba4 71.Ke5 Bc2 72.f6 Bd3 73.Kd6 Bb5 74.Kc7 Ke8 
75.Kxb7 Kf7 76.Kc7 Ke8 77.Kd6 Kf7 78.Ke5 Ba4 79.Kf5 Bb5 80.Kg5 Be2 81.Be1 
Bb5 82.Kxh5 Be2+ 83.Kg5 Bb5 84.Kf5 Bd3+ 85.Ke5 Bb5 86.Kd6 Ba4 87.Ke5 Bb5 
88.Bf2 Ba4 89.Bg3 Bb5 90.Kf5 Ba4 91.Bd6 Bb5 92.Be7 Ba4 93.Ke5 Bb5 94.Kd6 
Ba4 95.Kd7 Bb5 96.Kc7 Ke8 97.Bd8 Kf7 98.Kd7 Ba4 99.Kc8 Bb5 1/2-1/2

[Event "5th Asia-ch"]
[Site "Hyderabad IND"]
[Date "2005.10.15"]
[Round "9"]
[White "Filippov, Anton"]
[Black "Gupta, Abhijeet"]
[Result "0-1"]
[WhiteElo "2478"]
[BlackElo "2404"]
[EventDate "2005.10.05"]
[PlyCount "106"]

1.e4 c5 2.Nf3 d6 3.d4 cxd4 4.Nxd4 Nf6 5.Nc3 Nc6 6.Bg5 e6 7.Qd2 a6 8.O-O-O 
Bd7 9.f4 b5 10.Bxf6 gxf6 11.Kb1 Qb6 12.Nf5 exf5 13.Nd5 Qb7 14.Nxf6+ Kd8 
15.e5 Be6 16.Be2 Rc8 17.exd6 Qb6 18.d7 Rb8 19.Qc3 b4 20.Qg3 Nd4 21.Bh5 Be7
22.Ng8 Rxg8 23.Qxg8+ Kc7 24.Qe8 Bf6 25.Bxf7 Bxd7 26.Qe3 Bc6 27.Rd2 Rf8 28.
Bh5 Be4 29.Rhd1 Qc6 30.Rxd4 Bxd4 31.Qxd4 Bxc2+ 32.Ka1 Bxd1 33.Qxd1 Rd8 34.
Qe1 Qe4 35.Qc1+ Kb8 36.Bf3 Qd4 37.Kb1 Rc8 38.Qd1 Qxf4 39.a3 Qc4 40.Qd6+ 
Ka7 41.axb4 Qc7 42.Qd3 Qc1+ 43.Ka2 Qc4+ 44.Qxc4 Rxc4 45.Kb3 Rc1 46.h3 Kb6 
47.Be2 f4 48.Bf3 h6 49.Ka4 Re1 50.Bh5 Re4 51.Kb3 Kb5 52.Kc3 Re3+ 53.Kc2 
Kxb4 0-1

[Event "5th Asia-ch"]
[Site "Hyderabad IND"]
[Date "2005.10.15"]
[Round "9"]
[White "Palit, Somak"]
[Black "Gonzales, Jayson"]
[Result "1-0"]
[WhiteElo "2312"]
[BlackElo "2464"]
[EventDate "2005.10.05"]
[PlyCount "47"]

1.e4 Nf6 2.e5 Nd5 3.d4 d6 4.c4 Nb6 5.exd6 exd6 6.Nf3 Be7 7.Be2 O-O 8.O-O 
Nc6 9.Be3 Bf6 10.Nc3 Re8 11.Rc1 Bg4 12.b3 d5 13.c5 Nc8 14.h3 Bh5 15.b4 a6 
16.Qb3 Bxf3 17.Bxf3 Bxd4 18.Bxd5 Rxe3 19.fxe3 Bxe3+ 20.Kh1 Bxc1 21.Bxc6 
Ne7 22.Bxb7 Rb8 23.Qxf7+ Kh8 24.Rxc1 1-0

[Event "5th Asia-ch"]
[Site "Hyderabad IND"]
[Date "2005.10.15"]
[Round "9"]
[White "Kaiumov, Sergei"]
[Black "Singh, D. P."]
[Result "1-0"]
[WhiteElo "2436"]
[BlackElo "2368"]
[EventDate "2005.10.05"]
[PlyCount "91"]

1.e4 d5 2.exd5 Qxd5 3.Nc3 Qa5 4.Bc4 Nc6 5.d3 Nf6 6.Bd2 Qc5 7.h3 e6 8.Nf3 
Bd6 9.Qe2 a6 10.Na4 Qa7 11.Be3 Qb8 12.Bb3 b6 13.a3 Bb7 14.Nc3 Na5 15.Ba2 
c5 16.Bg5 O-O 17.Bxf6 gxf6 18.Ne4 Be5 19.O-O-O f5 20.Ned2 Bg7 21.g4 f4 22.
Ne4 Nc6 23.g5 Kh8 24.Rhg1 Nd4 25.Nxd4 cxd4 26.Nf6 f3 27.Qd2 Rd8 28.Rg4 Qe5
29.Re1 Qf5 30.h4 e5 31.Rgg1 Bxf6 32.gxf6 Qxf6 33.Qg5 Qxg5+ 34.hxg5 Bd5 35.
Bxd5 Rxd5 36.Rg3 Rg8 37.Rxf3 Rxg5 38.Rxf7 h5 39.Rf6 Rb5 40.a4 Rb4 41.b3 
Kg7 42.Re6 h4 43.R6xe5 Rg2 44.Rh1 Rg4 45.Rh5 b5 46.a5 1-0

[Event "5th Asia-ch"]
[Site "Hyderabad IND"]
[Date "2005.10.15"]
[Round "9"]
[White "Zhou Weiqi"]
[Black "Venkatesh, M. R."]
[Result "0-1"]
[WhiteElo "2416"]
[BlackElo "2431"]
[EventDate "2005.10.05"]
[PlyCount "146"]

1.d4 Nf6 2.c4 e6 3.Nc3 Bb4 4.Qc2 O-O 5.a3 Bxc3+ 6.Qxc3 b6 7.Bg5 Ba6 8.e3 
d6 9.Nf3 Nbd7 10.Nd2 h6 11.Bh4 c5 12.dxc5 bxc5 13.Bd3 Bb7 14.O-O a5 15.
Rad1 Qb6 16.Qc2 Rab8 17.a4 Kh8 18.b3 Ba8 19.f3 d5 20.Kh1 d4 21.Rfe1 e5 22.
Bf5 g6 23.exd4 exd4 24.Bxd7 Nxd7 25.Re7 Nf6 26.Rde1 Ng8 27.R7e5 Bc6 28.Bg3
Rbd8 29.Qd3 Bd7 30.Ne4 Bf5 31.Rd5 Rfe8 32.Be5+ Kh7 33.Bg3 Ne7 34.Rxd8 Rxd8
35.Bh4 g5 36.g4 Bg6 37.Bg3 Ng8 38.Kg2 Re8 39.Qd1 Bxe4 40.fxe4 Qc6 41.Qf3 
Kg7 42.Qf5 Ne7 43.Qe5+ f6 44.Qc7 Qxc7 45.Bxc7 Nc6 46.Bd6 Nb4 47.e5 Kf7 48.
e6+ Rxe6 49.Rxe6 Kxe6 50.Bxc5 Nc6 51.h3 f5 52.Bb6 Kf6 53.Kf3 Kg6 54.Bc7 h5
55.Bg3 Nb4 56.Be1 Nc6 57.Bd2 hxg4+ 58.hxg4 Kf6 59.Be1 Ke5 60.gxf5 Kxf5 61.
Bg3 g4+ 62.Ke2 Ke4 63.Bc7 d3+ 64.Kd1 Nd4 65.Bxa5 g3 66.Be1 g2 67.Bf2 Nxb3 
68.Bg1 Na5 69.c5 Kd5 70.Kd2 Kc4 71.Bf2 Nb3+ 72.Ke1 d2+ 73.Ke2 Kc3 0-1

[Event "5th Asia-ch"]
[Site "Hyderabad IND"]
[Date "2005.10.15"]
[Round "9"]
[White "Sareen, Vishal"]
[Black "Gnusarev, Pavel"]
[Result "0-1"]
[WhiteElo "2375"]
[BlackElo "2426"]
[EventDate "2005.10.05"]
[PlyCount "56"]

1.e4 c5 2.Nf3 Nc6 3.d4 cxd4 4.Nxd4 Qb6 5.Nb3 Nf6 6.Nc3 e6 7.Be3 Qc7 8.f4 
Bb4 9.Bd3 O-O 10.O-O Bxc3 11.bxc3 d6 12.Qe1 b6 13.Qh4 Ne8 14.Rf3 Qe7 15.
Qh5 f5 16.exf5 exf5 17.Nd4 Nxd4 18.Bxd4 Nf6 19.Qh4 Bb7 20.Rh3 Be4 21.Re1 
d5 22.c4 dxc4 23.Bxc4+ Kh8 24.c3 Rad8 25.Qg5 Rxd4 26.cxd4 Qb4 27.Rc1 Qd2 
28.Rhc3 Ng4 0-1

[Event "5th Asia-ch"]
[Site "Hyderabad IND"]
[Date "2005.10.15"]
[Round "9"]
[White "Simonenko, Sergei"]
[Black "Sandipan, Chanda"]
[Result "0-1"]
[WhiteElo "2409"]
[BlackElo "2560"]
[EventDate "2005.10.05"]
[PlyCount "48"]

1.d4 Nf6 2.c4 g6 3.Nc3 Bg7 4.e4 d6 5.Bd3 O-O 6.Nge2 Nc6 7.O-O e5 8.d5 Nd4 
9.Nb5 Nxe2+ 10.Qxe2 Nd7 11.Be3 a6 12.Nc3 f5 13.exf5 gxf5 14.f3 Qh4 15.Kh1 
Nf6 16.g3 Qh3 17.Qg2 Qh5 18.Be2 Qg6 19.Rg1 h5 20.Rac1 Bd7 21.c5 Bh6 22.Qf2
Ng4 23.fxg4 fxg4 24.Qxf8+ Rxf8 0-1

[Event "5th Asia-ch"]
[Site "Hyderabad IND"]
[Date "2005.10.15"]
[Round "9"]
[White "Sharma, Dinesh"]
[Black "Iuldachev, Saidali"]
[Result "1-0"]
[WhiteElo "2359"]
[BlackElo "2543"]
[EventDate "2005.10.05"]
[PlyCount "95"]

1.e4 e5 2.Nf3 Nc6 3.Bb5 a6 4.Ba4 d6 5.c3 Bd7 6.O-O Nge7 7.d4 Ng6 8.Be3 Be7
9.d5 Nb8 10.Bxd7+ Qxd7 11.c4 O-O 12.Nc3 f5 13.exf5 Qxf5 14.Nd2 Nd7 15.Qb1 
Qh5 16.Qd1 Qh4 17.Nde4 Nf4 18.f3 Qh5 19.Ne2 g5 20.g3 Rf7 21.gxf4 gxf4 22.
Bd2 Kh8 23.Kh1 Rg8 24.Ng1 Rfg7 25.Qe2 Nf8 26.Bc3 Ng6 27.Qg2 Nf8 28.Qe2 Qf5
29.Rac1 Ng6 30.Nf2 Nh4 31.Ngh3 Rg3 32.hxg3 fxg3 33.Ng4 h5 34.Kg1 hxg4 35.
fxg4 Qh7 36.Rce1 Ng6 37.Kg2 Nh4+ 38.Kxg3 Nf5+ 39.Kh2 Nh6 40.Rg1 Nf7 41.Rh1
Bh4 42.Ref1 Nh6 43.Rhg1 Qg6 44.g5 Nf5 45.Rxf5 Qxf5 46.Qh5+ Qh7 47.Qxh7+ 
Kxh7 48.Rg4 1-0

[Event "5th Asia-ch"]
[Site "Hyderabad IND"]
[Date "2005.10.15"]
[Round "9"]
[White "Barua, Dibyendu"]
[Black "Roy Chowdhury, Saptarshi"]
[Result "1/2-1/2"]
[WhiteElo "2475"]
[BlackElo "2397"]
[EventDate "2005.10.05"]
[PlyCount "50"]

1.e4 c5 2.Nf3 Nc6 3.d4 cxd4 4.Nxd4 e5 5.Nb5 d6 6.c4 Be7 7.N1c3 a6 8.Na3 f5
9.exf5 Bxf5 10.Bd3 Be6 11.Nc2 Nf6 12.O-O O-O 13.b3 Qd7 14.Ne3 Nd4 15.Ncd5 
Nxd5 16.cxd5 Bf7 17.Bb2 Bf6 18.f4 Rac8 19.fxe5 dxe5 20.Be4 Bg5 21.Qd3 
Bxe3+ 22.Qxe3 Bxd5 23.Rxf8+ Rxf8 24.Bxd4 Bxe4 25.Bxe5 Qg4 1/2-1/2